[Event "4NCL Division 3s"]
[Site "Daventry Court ENG"]
[Date "2014.02.16"]
[Round "6.156"]
[White "Grant, David J"]
[Black "Thompson, Robert"]
[Result "1/2-1/2"]
[WhiteElo "2106"]
[BlackElo "1961"]
[PlyCount "83"]
[EventDate "2014.02.16"]
[WhiteTeam "Sussex Smart Survivors 1"]
[BlackTeam "Bristol University"]

1. e4 d6 2. d4 Nf6 3. Nc3 e5 4. Nf3 exd4 5. Nxd4 Be7 6. g3 O-O 7. Bg2 Re8 8.
O-O Nbd7 9. h3 Bf8 10. f4 c6 11. Re1 Qc7 12. Be3 Nc5 13. Bf2 Bd7 14. Qf3 Rad8
15. b4 Na6 16. a3 c5 17. Ndb5 Bxb5 18. Nxb5 Qb8 19. bxc5 Nxc5 20. Bxc5 dxc5 21.
e5 Nd5 22. Rad1 Nc7 23. Nxc7 Qxc7 24. Qxb7 Qxb7 25. Bxb7 c4 26. Bc6 Rxd1 27.
Rxd1 Rc8 28. Bd5 Bc5+ 29. Kg2 Kf8 30. a4 Bb6 31. Rb1 Rc5 32. Rb5 Rxb5 33. axb5
c3 34. Kf3 Ke7 35. Be4 g6 36. h4 f6 37. exf6+ Kxf6 38. h5 Bc5 39. g4 Bd4 40.
g5+ Kf7 41. Bd5+ Kf8 42. hxg6 1/2-1/2

[Event "4NCL Division 3s"]
[Site "Daventry Court ENG"]
[Date "2014.02.16"]
[Round "6.157"]
[White "Meadows, Michael"]
[Black "Cumming, Rhys"]
[Result "1/2-1/2"]
[WhiteElo "1785"]
[BlackElo "2038"]
[PlyCount "38"]
[EventDate "2014.02.16"]
[WhiteTeam "Bristol University"]
[BlackTeam "Sussex Smart Survivors 1"]

1. e4 c5 2. Nf3 Nc6 3. d4 cxd4 4. Nxd4 g6 5. Be3 Bg7 6. Nc3 Nf6 7. Bc4 O-O 8.
Bb3 a5 9. O-O a4 10. Nxa4 Nxe4 11. Nb5 d6 12. Bb6 Qd7 13. Qe2 Nf6 14. Rad1 Qf5
15. Nc7 Rb8 16. Nc3 Qh5 17. Qxh5 Nxh5 18. Rfe1 Nf6 19. N3b5 Bd7 1/2-1/2

[Event "4NCL Division 3s"]
[Site "Daventry Court ENG"]
[Date "2014.02.16"]
[Round "6.158"]
[White "Howell, Chris I"]
[Black "Humphreys, Jerry"]
[Result "1/2-1/2"]
[WhiteElo "2041"]
[BlackElo "2067"]
[PlyCount "29"]
[EventDate "2014.02.16"]
[WhiteTeam "Sussex Smart Survivors 1"]
[BlackTeam "Bristol University"]

1. e4 c5 2. a3 g6 3. b4 Bg7 4. Nc3 d6 5. Bb2 Nf6 6. Nd5 e6 7. Nxf6+ Bxf6 8.
Bxf6 Qxf6 9. bxc5 dxc5 10. Nf3 Nc6 11. Rb1 O-O 12. Bd3 b6 13. Qe2 e5 14. h3 Bd7
15. O-O 1/2-1/2

[Event "4NCL Division 3s"]
[Site "Daventry Court ENG"]
[Date "2014.02.16"]
[Round "6.159"]
[White "Young, Daniel J"]
[Black "Higgs, Anthony RJ"]
[Result "1/2-1/2"]
[WhiteElo "1761"]
[BlackElo "1991"]
[PlyCount "49"]
[EventDate "2014.02.16"]
[WhiteTeam "Bristol University"]
[BlackTeam "Sussex Smart Survivors 1"]

1. e4 d6 2. f4 c6 3. Nf3 Bg4 4. Nc3 Nf6 5. d3 e6 6. Be2 Be7 7. O-O Qc7 8. Be3
Nbd7 9. Kh1 O-O 10. a4 a5 11. Qe1 Rfe8 12. Qg3 e5 13. h3 Bxf3 14. Bxf3 Bf8 15.
Qf2 Qd8 16. f5 Kh8 17. g4 Ng8 18. g5 f6 19. g6 h6 20. Qh4 Nb6 21. Nd1 Re7 22.
Qf2 Nc8 23. c4 Rd7 24. Nc3 Ra6 25. Rg1 1/2-1/2

[Event "4NCL Division 3s"]
[Site "Daventry Court ENG"]
[Date "2014.02.16"]
[Round "6.165"]
[White "Kane, Robert (Bob) B"]
[Black "Zhang, Anthony Y"]
[Result "1/2-1/2"]
[WhiteElo "1867"]
[BlackElo "1889"]
[PlyCount "46"]
[EventDate "2014.02.16"]
[WhiteTeam "BCM Hippos (3)"]
[BlackTeam "Sandhurst Scorpions"]

1. d4 d5 2. Nf3 Nf6 3. e3 Bf5 4. c4 c6 5. Nc3 e6 6. Qb3 Qc7 7. Ne5 Nbd7 8. f4
Be7 9. Bd2 O-O 10. Rc1 Qb6 11. Be2 Nxe5 12. Qxb6 axb6 13. fxe5 Ne4 14. a3 dxc4
15. Bxc4 Nxd2 16. Kxd2 b5 17. Bd3 Bxd3 18. Kxd3 b4 19. axb4 Bxb4 20. Ra1 Rfd8
21. Rxa8 Rxa8 22. Kc4 Be7 23. Rb1 Kf8 1/2-1/2

[Event "4NCL Division 3s"]
[Site "Daventry Court ENG"]
[Date "2014.02.16"]
[Round "6.167"]
[White "Lawson, Maurice E"]
[Black "Golding, Alex"]
[Result "1/2-1/2"]
[WhiteElo "1914"]
[BlackElo "1682"]
[PlyCount "44"]
[EventDate "2014.02.16"]
[WhiteTeam "BCM Hippos (3)"]
[BlackTeam "Sandhurst Scorpions"]

1. e4 e5 2. Nf3 Nc6 3. Bc4 Bc5 4. c3 Nf6 5. d3 a6 6. h3 Ba7 7. Bb3 O-O 8. Bg5
h6 9. Bh4 d6 10. Nbd2 Be6 11. Qe2 Qe7 12. Nc4 b5 13. Ne3 Bxe3 14. fxe3 Bxb3 15.
axb3 Qe6 16. Bxf6 Qxf6 17. O-O Qe6 18. Nd2 f5 19. exf5 Rxf5 20. Rxf5 Qxf5 21.
Rf1 Qd7 22. Qf3 d5 1/2-1/2

[Event "4NCL Division 3s"]
[Site "Daventry Court ENG"]
[Date "2014.02.16"]
[Round "6.168"]
[White "Samadov, Samir"]
[Black "Mallon, Gunnar"]
[Result "0-1"]
[WhiteElo "1631"]
[BlackElo "1705"]
[PlyCount "60"]
[EventDate "2014.02.16"]
[WhiteTeam "Sandhurst Scorpions"]
[BlackTeam "BCM Hippos (3)"]

1. e4 c5 2. c3 e6 3. d4 d5 4. e5 Nc6 5. Be3 Qb6 6. Qb3 c4 7. Qc2 f6 8. Be2 fxe5
9. dxe5 Qc7 10. f4 Nh6 11. g4 Be7 12. g5 Nf5 13. Bf2 b5 14. Bg4 d4 15. Bxf5
exf5 16. cxd4 Nxd4 17. Bxd4 Qc6 18. Nf3 Qxf3 19. Rf1 Qd5 20. Be3 b4 21. Rf2 O-O
22. Qe2 Bb7 23. a3 a5 24. Qf1 Ba6 25. Rd2 Qe4 26. Kf2 c3 27. Rd4 Qc2+ 28. Rd2
cxd2 29. Qh1 d1=Q+ 30. Kg3 Qg4# 0-1

[Event "4NCL Division 3s"]
[Site "Daventry Court ENG"]
[Date "2014.02.16"]
[Round "6.169"]
[White "Sargent, John R"]
[Black "Purvis, Anna"]
[Result "1-0"]
[WhiteElo "1765"]
[BlackElo "1481"]
[PlyCount "63"]
[EventDate "2014.02.16"]
[WhiteTeam "BCM Hippos (3)"]
[BlackTeam "Sandhurst Scorpions"]

1. e4 c6 2. d4 d5 3. exd5 cxd5 4. Bd3 Nc6 5. c3 Nf6 6. Bf4 e6 7. Nd2 Bd6 8. Bg3
Bxg3 9. hxg3 h6 10. Ngf3 Qc7 11. Qe2 a6 12. Nb3 Na5 13. Nc5 Nd7 14. Nxe6 Qd6
15. Nxg7+ Kd8 16. O-O-O Nc6 17. Rde1 Nf6 18. Nf5 Qd7 19. Ne5 Nxe5 20. Qxe5 Qe6
21. Nxh6 Rf8 22. Qg5 Qd6 23. Nf5 Bxf5 24. Bxf5 Kc7 25. Rh6 Rae8 26. Rxe8 Rxe8
27. Qxf6 Qxf6 28. Rxf6 Re1+ 29. Kd2 Re7 30. f4 Kd8 31. g4 Kc7 32. g5 1-0

[Event "4NCL Division 3s"]
[Site "Daventry Court ENG"]
[Date "2014.02.16"]
[Round "6.170"]
[White "Davidson, Laura J"]
[Black "Fowler, David W"]
[Result "0-1"]
[WhiteElo "1339"]
[BlackElo "1874"]
[PlyCount "50"]
[EventDate "2014.02.16"]
[WhiteTeam "Sandhurst Scorpions"]
[BlackTeam "BCM Hippos (3)"]

1. e4 e5 2. Nf3 Nc6 3. Bc4 Bc5 4. O-O Nf6 5. d4 Bxd4 6. Nxd4 Nxd4 7. f4 Qe7 8.
Bd3 d6 9. Nc3 Bg4 10. Qe1 O-O-O 11. f5 d5 12. Qh4 Qc5 13. Be3 Ne2+ 14. Kf2 d4
15. Nxe2 dxe3+ 16. Kg1 Rxd3 17. cxd3 Bxe2 18. Rfe1 Bxd3 19. Rac1 Qd4 20. Kh1
Nxe4 21. Qe7 c6 22. Qxf7 Nf2+ 23. Kg1 e2 24. Qxg7 Nh3+ 25. Kh1 Qg1+ 0-1

[Event "4NCL Division 3s"]
[Site "Daventry Court ENG"]
[Date "2014.02.16"]
[Round "6.175"]
[White "Burrows, Nick"]
[Black "Mirza, Diana"]
[Result "1-0"]
[WhiteElo "1868"]
[BlackElo "1773"]
[PlyCount "77"]
[EventDate "2014.02.16"]
[WhiteTeam "Oxford 3"]
[BlackTeam "Midland Monarchs"]

1. Nf3 c5 2. c4 Nc6 3. Nc3 e5 4. g3 g6 5. Bg2 Bg7 6. O-O Nge7 7. Ne1 d6 8. Nc2
O-O 9. Ne3 f5 10. d3 f4 11. Ned5 g5 12. e3 Ng6 13. Ne4 Bf5 14. Qh5 h6 15. Bd2
Qd7 16. Rab1 Kh7 17. Nxg5+ Kg8 18. Ne4 Nce7 19. Nxe7+ Nxe7 20. Qe2 Ng6 21. exf4
exf4 22. Qh5 Ne5 23. gxf4 Bg4 24. Qh4 Nxd3 25. f5 Bxf5 26. Qg3 Ne5 27. Bxh6
Nxc4 28. Rbd1 Kh7 29. Qxg7+ Qxg7 30. Bxg7 Kxg7 31. b3 Bxe4 32. Bxe4 Na5 33.
Rxd6 Rf4 34. f3 Rb8 35. Rfd1 Rh4 36. Rg6+ Kf8 37. Rd7 c4 38. Bd5 cxb3 39. Rg8#
1-0

[Event "4NCL Division 3s"]
[Site "Daventry Court ENG"]
[Date "2014.02.16"]
[Round "6.176"]
[White "Evans, Nicholas T"]
[Black "Langham, Rod E"]
[Result "1-0"]
[WhiteElo "1824"]
[BlackElo "1801"]
[PlyCount "105"]
[EventDate "2014.02.16"]
[WhiteTeam "Midland Monarchs"]
[BlackTeam "Oxford 3"]

1. d4 d5 2. Nf3 e6 3. c4 c6 4. e3 Bd6 5. b3 Qe7 6. Bb2 Nd7 7. Ne5 Ngf6 8. Bd3
Nxe5 9. dxe5 Bb4+ 10. Nd2 Nd7 11. O-O a6 12. a3 Ba5 13. b4 Bb6 14. e4 dxc4 15.
Nxc4 Bc7 16. Bc2 O-O 17. f4 Rd8 18. Qg4 Nf8 19. h4 b5 20. Ne3 Bb6 21. Bc1 c5
22. Rb1 c4 23. Kh2 Qa7 24. Rf3 Bxe3 25. Bxe3 Qe7 26. Bc5 Qe8 27. Bd6 Ra7 28. h5
Rxd6 29. exd6 e5 30. f5 f6 31. Rg3 h6 32. Qd1 Rd7 33. a4 Qd8 34. Qd5+ Kh8 35.
axb5 Rxd6 36. Qxc4 axb5 37. Qxb5 Bd7 38. Qc5 Rc6 39. Qf2 Rc4 40. b5 Rd4 41. b6
Bc6 42. b7 Nd7 43. Rd3 Nb8 44. Rxd4 exd4 45. Bd3 Qc7+ 46. Qg3 Qd8 47. Kg1 Kg8
48. Bc4+ Kf8 49. Ra1 Bxb7 50. Rb1 Qc8 51. Qd6+ Ke8 52. Bb5+ Kf7 53. Qe6+ 1-0

[Event "4NCL Division 3s"]
[Site "Daventry Court ENG"]
[Date "2014.02.16"]
[Round "6.178"]
[White "Jina, Taran"]
[Black "Henbest, Kevin B"]
[Result "1-0"]
[WhiteElo "1717"]
[BlackElo "1693"]
[PlyCount "59"]
[EventDate "2014.02.16"]
[WhiteTeam "Midland Monarchs"]
[BlackTeam "Oxford 3"]

1. e4 c5 2. Nc3 d6 3. Nf3 Nf6 4. d4 cxd4 5. Nxd4 a6 6. Be3 e5 7. Nb3 Be6 8. f3
Nbd7 9. Qd2 Rc8 10. g4 Nb6 11. g5 Nfd7 12. O-O-O Nc4 13. Bxc4 Bxc4 14. Kb1 b5
15. Ne2 Nb6 16. f4 Bxe2 17. Qxe2 Nc4 18. fxe5 Nxe5 19. Bf4 Qc7 20. Nd4 g6 21.
h4 Bg7 22. h5 O-O 23. hxg6 fxg6 24. Ne6 Qc6 25. Qh2 Kf7 26. Nxg7 Rg8 27. Bxe5
dxe5 28. Rhf1+ Ke7 29. Qxe5+ Qe6 30. Qxe6# 1-0

[Event "4NCL Division 3s"]
[Site "Daventry Court ENG"]
[Date "2014.02.16"]
[Round "6.188"]
[White "Tarr, Steve F"]
[Black "Szymanski, Mark"]
[Result "0-1"]
[WhiteElo "1753"]
[BlackElo "1822"]
[PlyCount "56"]
[EventDate "2014.02.16"]
[WhiteTeam "Shropshire"]
[BlackTeam "Iceni 2"]

1. d4 Nf6 2. Bf4 c5 3. e3 d5 4. c3 Nc6 5. Bd3 Qb6 6. Qc1 Bg4 7. h3 Bh5 8. Nd2
Rc8 9. Ngf3 e6 10. O-O cxd4 11. exd4 Be7 12. Re1 O-O 13. Qb1 a6 14. Ne5 Bg6 15.
Nxg6 hxg6 16. Nf3 Qd8 17. Bxg6 fxg6 18. Qxg6 Qe8 19. Qxe8 Rcxe8 20. Rxe6 Ne4
21. Bh2 Kf7 22. Rxc6 bxc6 23. Ne5+ Kg8 24. Nxc6 Rxf2 25. c4 Rxb2 26. cxd5 Bd6
27. Ne5 Nc3 28. Rc1 Ne2+ 0-1

[Event "4NCL Division 3s"]
[Site "Daventry Court ENG"]
[Date "2014.02.16"]
[Round "6.195"]
[White "Sully, David J"]
[Black "Briscoe, Chris"]
[Result "1/2-1/2"]
[WhiteElo "2107"]
[BlackElo "2209"]
[PlyCount "34"]
[EventDate "2014.02.16"]
[WhiteTeam "The Full Ponty"]
[BlackTeam "Surbiton"]

1. e4 c5 2. Nf3 d6 3. Bb5+ Nd7 4. O-O Ngf6 5. Re1 a6 6. Bf1 b5 7. a4 b4 8. d3
g6 9. c3 Bg7 10. cxb4 cxb4 11. d4 O-O 12. Nbd2 Bb7 13. Bd3 Qc7 14. Nb3 a5 15.
Bd2 Rfc8 16. Qe2 e6 17. h3 Qb6 1/2-1/2

[Event "4NCL Division 3s"]
[Site "Daventry Court ENG"]
[Date "2014.02.16"]
[Round "6.196"]
[White "Henderson, Ian R"]
[Black "Adams, Mark A"]
[Result "1/2-1/2"]
[WhiteElo "2063"]
[BlackElo "1972"]
[PlyCount "32"]
[EventDate "2014.02.16"]
[WhiteTeam "Surbiton"]
[BlackTeam "The Full Ponty"]

1. d4 Nf6 2. c4 e6 3. Nc3 Bb4 4. e3 b6 5. Bd3 Bb7 6. f3 c5 7. Nge2 Nc6 8. Bd2
O-O 9. O-O cxd4 10. exd4 d5 11. cxd5 Nxd5 12. Nxd5 Bxd2 13. Qxd2 Qxd5 14. Be4
Qd6 15. Rfd1 f5 16. Bc2 Nb4 1/2-1/2

[Event "4NCL Division 3s"]
[Site "Daventry Court ENG"]
[Date "2014.02.16"]
[Round "6.198"]
[White "James, Angus S"]
[Black "Davies, Peter L"]
[Result "1/2-1/2"]
[WhiteElo "1958"]
[BlackElo "1977"]
[PlyCount "24"]
[EventDate "2014.02.16"]
[WhiteTeam "Surbiton"]
[BlackTeam "The Full Ponty"]

1. e4 e5 2. Nf3 Nc6 3. Bc4 Nf6 4. d3 Bc5 5. c3 d6 6. Bb3 Qe7 7. h3 h6 8. Nbd2
Be6 9. Bc2 d5 10. Qe2 dxe4 11. dxe4 O-O 12. Nf1 a6 1/2-1/2

[Event "4NCL Division 3s"]
[Site "Daventry Court ENG"]
[Date "2014.02.16"]
[Round "6.199"]
[White "Thomas, Gary"]
[Black "Kalavannan, Koby"]
[Result "0-1"]
[WhiteElo "1861"]
[BlackElo "1881"]
[PlyCount "38"]
[EventDate "2014.02.16"]
[WhiteTeam "The Full Ponty"]
[BlackTeam "Surbiton"]

1. e4 c5 2. c3 Nf6 3. e5 Nd5 4. Bc4 Nb6 5. Bb3 e6 6. Nf3 d5 7. O-O Nc6 8. d4
cxd4 9. cxd4 Bd7 10. a3 Rc8 11. Nc3 Na5 12. Bc2 Nac4 13. Nd2 Nxa3 14. Bd3 a6
15. Qe2 Nbc4 16. Nxc4 Nxc4 17. Ne4 Nxe5 18. dxe5 dxe4 19. Bxe4 Bb5 0-1

[Event "4NCL Division 3s"]
[Site "Daventry Court ENG"]
[Date "2014.02.16"]
[Round "6.200"]
[White "Fenwick, Hugh F"]
[Black "Gilbert, Colin"]
[Result "1-0"]
[WhiteElo "1865"]
[BlackElo "1786"]
[PlyCount "41"]
[EventDate "2014.02.16"]
[WhiteTeam "Surbiton"]
[BlackTeam "The Full Ponty"]

1. e4 c5 2. c3 Qc7 3. d4 cxd4 4. cxd4 Nf6 5. Nc3 e6 6. a3 a6 7. Nf3 d6 8. Bf4
Nh5 9. Be3 g6 10. Rc1 Qd8 11. Be2 Bg7 12. O-O O-O 13. Qb3 Nd7 14. Rfd1 Kh8 15.
e5 d5 16. g4 Rg8 17. gxh5 gxh5 18. Kh1 Qf8 19. Rg1 f5 20. Ng5 Qe7 21. Bxh5 1-0

[Event "4NCL Division 3s"]
[Site "Daventry Court ENG"]
[Date "2014.02.16"]
[Round "6.215"]
[White "Ireland, David J"]
[Black "Makepeace, Philip J"]
[Result "0-1"]
[WhiteElo "1907"]
[BlackElo "2094"]
[PlyCount "110"]
[EventDate "2014.02.16"]
[WhiteTeam "Throw in the Tal"]
[BlackTeam "Bucks Juniors"]

1. e4 c6 2. d4 d5 3. exd5 cxd5 4. Bf4 Nc6 5. Nf3 Bg4 6. c3 Bxf3 7. Qxf3 e6 8.
Nd2 Bd6 9. Bd3 Bxf4 10. Qxf4 Nf6 11. O-O O-O 12. Rfe1 Qb8 13. Qg3 Qxg3 14. hxg3
g6 15. Bb5 Kg7 16. Bxc6 bxc6 17. b4 h5 18. f3 Rh8 19. Kf2 h4 20. g4 g5 21. Nb3
Nd7 22. Na5 Rac8 23. Rac1 Rhe8 24. Nb7 Rb8 25. Na5 Rec8 26. g3 hxg3+ 27. Kxg3
Nf8 28. f4 gxf4+ 29. Kxf4 Ng6+ 30. Kg3 Rc7 31. Rc2 Re8 32. Rce2 Ne7 33. Rh2 Rh8
34. Rxh8 Kxh8 35. Kf4 Kg7 36. Ke5 Rd7 37. Kf4 Kg6 38. Rh1 Rc7 39. Ke5 Nc8 40.
Rh8 f6+ 41. Kf4 Nd6 42. a4 e5+ 43. dxe5 fxe5+ 44. Ke3 Ne4 45. c4 Nf6 46. Kf3
Kg5 47. Rd8 d4 48. c5 e4+ 49. Ke2 d3+ 50. Ke3 Nd5+ 51. Kd2 Rh7 52. Nxc6 Rh2+
53. Kc1 Rc2+ 54. Kd1 Ne3+ 55. Ke1 Re2# 0-1

[Event "4NCL Division 3s"]
[Site "Daventry Court ENG"]
[Date "2014.02.16"]
[Round "6.225"]
[White "Gooding, Ian"]
[Black "Livesey, R  Nigel"]
[Result "1-0"]
[WhiteElo "2001"]
[BlackElo "1892"]
[PlyCount "99"]
[EventDate "2014.02.16"]
[WhiteTeam "Cambridge University 3"]
[BlackTeam "e2e4.org.uk 4"]

1. e4 e6 2. d4 d5 3. Nc3 Bb4 4. Nge2 dxe4 5. a3 Be7 6. Nxe4 Nf6 7. Qd3 Bd7 8.
f3 Bc6 9. c4 Nbd7 10. N2c3 Nb6 11. Be2 Qd7 12. O-O Rd8 13. Be3 O-O 14. b4 Qc8
15. b5 Be8 16. a4 c5 17. a5 Nbd7 18. Qc2 cxd4 19. Bxd4 Nxe4 20. Nxe4 f5 21. Nc3
Bc5 22. Bxc5 Qxc5+ 23. Kh1 Bf7 24. Rad1 Nf6 25. Qb2 Rxd1 26. Rxd1 Qf2 27. Qd2
e5 28. Rf1 Qc5 29. Na4 Qa3 30. Qc2 Qe3 31. Nc3 Be6 32. Qd3 Qxd3 33. Bxd3 Rc8
34. Nd5 Kf7 35. Nxf6 Kxf6 36. Rc1 Rc5 37. Kg1 Bd7 38. Rc2 h6 39. Kf2 g5 40. g3
Be6 41. Ke3 b6 42. axb6 axb6 43. Rc1 f4+ 44. gxf4 exf4+ 45. Kd4 Bd5 46. Ra1
Bxf3 47. Ra6 Bg2 48. Rxb6+ Ke7 49. Kxc5 f3 50. Be4 1-0

[Event "4NCL Division 3s"]
[Site "Daventry Court ENG"]
[Date "2014.02.16"]
[Round "6.226"]
[White "Hewitt, Sean D"]
[Black "Kreuzer, Christopher RL"]
[Result "1/2-1/2"]
[WhiteElo "1843"]
[BlackElo "1917"]
[PlyCount "37"]
[EventDate "2014.02.16"]
[WhiteTeam "e2e4.org.uk 4"]
[BlackTeam "Cambridge University 3"]

1. e4 c5 2. Nc3 d6 3. f4 Nc6 4. Nf3 Nf6 5. Bb5 a6 6. Bxc6+ bxc6 7. O-O d5 8. e5
Ne4 9. Qe1 Nxc3 10. bxc3 Bf5 11. d3 e6 12. Nh4 Bg6 13. f5 exf5 14. Nxf5 Bxf5
15. Rxf5 g6 16. Rf6 Bg7 17. Bg5 Qc7 18. Qf2 O-O 19. d4 1/2-1/2

[Event "4NCL Division 3s"]
[Site "Daventry Court ENG"]
[Date "2014.02.16"]
[Round "6.227"]
[White "Lim, Mark"]
[Black "Salisbury, Michael W"]
[Result "1/2-1/2"]
[WhiteElo "1849"]
[BlackElo "2009"]
[PlyCount "107"]
[EventDate "2014.02.16"]
[WhiteTeam "Cambridge University 3"]
[BlackTeam "e2e4.org.uk 4"]

1. Nf3 c5 2. c4 Nc6 3. g3 Nf6 4. Bg2 g6 5. O-O Bg7 6. Nc3 O-O 7. d4 cxd4 8.
Nxd4 Nxd4 9. Qxd4 d6 10. Qd3 Qb6 11. Rb1 Bd7 12. Bg5 Bc6 13. e4 h6 14. Bxf6
Bxf6 15. Nd5 Bxd5 16. exd5 a5 17. a3 Rfc8 18. Rfc1 Rc7 19. Rc2 Qd4 20. Qxd4
Bxd4 21. Be4 Rac8 22. Rbc1 Kg7 23. Kf1 Rb8 24. Ke2 b5 25. Kd3 Bc5 26. b4 axb4
27. axb4 Bxb4 28. cxb5 Rxc2 29. Rxc2 Rxb5 30. Rb2 Rb6 31. Ke2 f5 32. Bg2 Kf6
33. f4 Bc5 34. Rxb6 Bxb6 35. h3 e5 36. dxe6 Kxe6 37. g4 Bd8 38. Ke3 d5 39. Bf3
Bc7 40. Kd4 Bb6+ 41. Kd3 Bg1 42. Bg2 d4 43. Bb7 Be3 44. Bc8+ Kf6 45. Bd7 Bxf4
46. Kxd4 Be5+ 47. Ke3 Kg5 48. Bxf5 gxf5 49. gxf5 Kxf5 50. Kf2 Kg5 51. Kg2 Kh4
52. Kh1 Kxh3 53. Kg1 Kg3 54. Kh1 1/2-1/2

[Event "4NCL Division 3s"]
[Site "Daventry Court ENG"]
[Date "2014.02.16"]
[Round "6.228"]
[White "Flynn, David"]
[Black "Breed, Greg J"]
[Result "1/2-1/2"]
[WhiteElo "1895"]
[BlackElo "1729"]
[PlyCount "116"]
[EventDate "2014.02.16"]
[WhiteTeam "e2e4.org.uk 4"]
[BlackTeam "Cambridge University 3"]

1. e4 c6 2. d4 d5 3. Nc3 dxe4 4. Nxe4 Bf5 5. Ng3 Bg6 6. h4 h6 7. Nf3 Nd7 8. h5
Bh7 9. Bd3 Bxd3 10. Qxd3 Ngf6 11. Bf4 Qa5+ 12. Bd2 Qc7 13. O-O-O e6 14. Ne4
Nxe4 15. Qxe4 Nf6 16. Qe2 O-O-O 17. c4 Bd6 18. Bc3 Rhe8 19. Ne5 Bxe5 20. dxe5
Nd7 21. Rd6 f6 22. Rhd1 Nxe5 23. Bxe5 fxe5 24. Qxe5 Rxd6 25. Rxd6 Qf7 26. f3
Qf5 27. Qxf5 exf5 28. Rg6 Re7 29. Kd2 c5 30. Kc3 Kd7 31. Kb3 Ke8 32. Ka4 Kf7
33. Kb5 Re2 34. b3 b6 35. a3 Re3 36. Ka6 Rxb3 37. Kxa7 Rc3 38. Kxb6 Rxc4 39.
Kb5 Rh4 40. g4 Rh3 41. a4 Rxf3 42. a5 Ra3 43. gxf5 c4 44. a6 c3 45. Rc6 Ke8 46.
Kb6 Kd7 47. Rc4 Kd6 48. a7 Rb3+ 49. Ka5 Ra3+ 50. Ra4 Rxa4+ 51. Kxa4 c2 52. a8=Q
c1=Q 53. Qf8+ Ke5 54. Qxg7+ Kxf5 55. Qg6+ Ke5 56. Qg7+ Ke4 57. Qg6+ Kf3 58. Kb5
Ke2 1/2-1/2

[Event "4NCL Division 3s"]
[Site "Daventry Court ENG"]
[Date "2014.02.16"]
[Round "6.229"]
[White "Ivanov, George"]
[Black "Homolka, Vincent O"]
[Result "1/2-1/2"]
[WhiteElo "1680"]
[BlackElo "1804"]
[PlyCount "40"]
[EventDate "2014.02.16"]
[WhiteTeam "Cambridge University 3"]
[BlackTeam "e2e4.org.uk 4"]

1. e4 d5 2. exd5 Qxd5 3. Nc3 Qa5 4. d4 Nf6 5. Bd2 c6 6. Nf3 Bf5 7. Bc4 e6 8.
O-O Nbd7 9. Re1 Bb4 10. a3 Bxc3 11. Bxc3 Qc7 12. Bd3 Bxd3 13. Qxd3 O-O 14. Rad1
Rfd8 15. Qe2 b5 16. Bd2 Rac8 17. Bg5 h6 18. Bh4 Re8 19. Bg3 Qb6 20. c3 Red8
1/2-1/2

[Event "4NCL Division 3s"]
[Site "Daventry Court ENG"]
[Date "2014.02.16"]
[Round "6.230"]
[White "Booley, Graham M"]
[Black "Ivanov, Elizabeth"]
[Result "1-0"]
[WhiteElo "1814"]
[BlackElo "1602"]
[PlyCount "59"]
[EventDate "2014.02.16"]
[WhiteTeam "e2e4.org.uk 4"]
[BlackTeam "Cambridge University 3"]

1. e4 e5 2. Nf3 Nc6 3. Bb5 Bc5 4. O-O Nge7 5. c3 a6 6. Ba4 b5 7. Bc2 d6 8. h3
O-O 9. a3 f5 10. d4 exd4 11. cxd4 Bb6 12. Bb3+ d5 13. exd5 Nxd5 14. Nc3 Nce7
15. Bg5 Bb7 16. Bxe7 Qxe7 17. Nxd5 Bxd5 18. Bxd5+ Kh8 19. Bxa8 Rxa8 20. Re1 Qf6
21. Qb3 h6 22. Rad1 g5 23. Ne5 Kg7 24. Nd7 Qd6 25. Nxb6 cxb6 26. Re6 Qc7 27. d5
Qc5 28. d6 Rd8 29. Re7+ Kh8 30. Qf7 1-0

[Event "4NCL Division 3s"]
[Site "Daventry Court ENG"]
[Date "2014.02.16"]
[Round "6.235"]
[White "Evans, Craig J"]
[Black "Towers, Nigel S"]
[Result "1/2-1/2"]
[WhiteElo "1967"]
[BlackElo "1805"]
[PlyCount "47"]
[EventDate "2014.02.16"]
[WhiteTeam "Celtic Tigers 2"]
[BlackTeam "e2e4.org.uk 5"]

1. e4 c6 2. d4 d5 3. Nc3 dxe4 4. Nxe4 Bf5 5. Ng3 Bg6 6. h4 h6 7. Nf3 Nd7 8. h5
Bh7 9. Bd3 Bxd3 10. Qxd3 e6 11. Bf4 Qa5+ 12. Bd2 Bb4 13. Ne4 Bxd2+ 14. Nfxd2
Ngf6 15. Nd6+ Ke7 16. Nxb7 Qb4 17. Qa3 Qxa3 18. bxa3 Rab8 19. Na5 Rhc8 20. Rb1
Rxb1+ 21. Nxb1 c5 22. Nb3 cxd4 23. Nxd4 Rc4 24. c3 1/2-1/2

[Event "4NCL Division 3s"]
[Site "Daventry Court ENG"]
[Date "2014.02.16"]
[Round "6.237"]
[White "Herring, Sam AC"]
[Black "Bingham, James T"]
[Result "1/2-1/2"]
[WhiteElo "1747"]
[BlackElo "1935"]
[PlyCount "83"]
[EventDate "2014.02.16"]
[WhiteTeam "Celtic Tigers 2"]
[BlackTeam "e2e4.org.uk 5"]

1. d4 Nf6 2. c4 g6 3. Nc3 d5 4. Nf3 Bg7 5. Qb3 c6 6. Bf4 dxc4 7. Qxc4 Be6 8.
Qd3 Nh5 9. Be5 f6 10. Bxb8 Rxb8 11. e3 Qb6 12. Be2 Rd8 13. O-O O-O 14. Na4 Qa5
15. Nc5 Qxc5 16. dxc5 Rxd3 17. Bxd3 f5 18. Nd4 Bd5 19. Be2 e5 20. Nxf5 Rxf5 21.
g4 Nf4 22. exf4 Rxf4 23. h3 e4 24. Rac1 Bxb2 25. Rc2 Bd4 26. Kg2 e3+ 27. f3 Be5
28. Rb1 Ra4 29. Rxb7 Bxa2 30. Rc1 Bd5 31. Rcb1 Ra2 32. Kf1 Kh8 33. Re7 Bf4 34.
Rbb7 Rc2 35. Rxh7+ Kg8 36. Rhg7+ Kf8 37. Rxa7 Rxe2 38. Rge7 Ra2 39. Rxa2 Bxa2
40. Re4 g5 41. Ke2 Bd5 42. Ra4 1/2-1/2

[Event "4NCL Division 3s"]
[Site "Daventry Court ENG"]
[Date "2014.02.16"]
[Round "6.245"]
[White "Page, Mark E"]
[Black "Ogunshola, Ben"]
[Result "0-1"]
[WhiteElo "2094"]
[BlackElo "2153"]
[PlyCount "88"]
[EventDate "2014.02.16"]
[WhiteTeam "Warwickshire Select 2"]
[BlackTeam "The Pitstop"]

1. e4 d6 2. d4 Nf6 3. Nc3 g6 4. f4 Bg7 5. Nf3 O-O 6. e5 dxe5 7. fxe5 Nd5 8. Bc4
Nb6 9. Bb3 Nc6 10. Be3 Bg4 11. O-O Na5 12. Qe2 Nxb3 13. axb3 Nd5 14. Nxd5 Qxd5
15. Bf2 f6 16. c4 Qd7 17. Qe4 Bxf3 18. gxf3 fxe5 19. dxe5 Qf5 20. Bg3 Qxe4 21.
fxe4 Rxf1+ 22. Kxf1 Kf7 23. Ke2 Ke6 24. Rd1 Rc8 25. b4 Bxe5 26. Bxe5 Kxe5 27.
Ke3 Ke6 28. c5 c6 29. h4 h6 30. Rd2 Rf8 31. Rg2 Rg8 32. Kd4 g5 33. hxg5 hxg5
34. Rg4 Rg7 35. Kc4 a6 36. Kd4 Rg6 37. b3 Rg7 38. Kd3 Kf6 39. Kd4 Rg8 40. Kc4
Rh8 41. Kd4 Rh3 42. Kc4 Rh4 43. Rg1 Rxe4+ 44. Kc3 g4 0-1

[Event "4NCL Division 3s"]
[Site "Daventry Court ENG"]
[Date "2014.02.16"]
[Round "6"]
[White "Lambourne, Daniel M"]
[Black "Cresswell, Mike J"]
[Result "1/2-1/2"]
[WhiteElo "2013"]
[BlackElo "1764"]
[PlyCount "97"]
[EventDate "2014.02.16"]
[WhiteTeam "Gloucestershire Gambits"]
[BlackTeam "BCM Bison (4)"]

1. d4 Nf6 2. Nf3 g6 3. g3 Bg7 4. Bg2 d6 5. O-O O-O 6. c4 c6 7. Nc3 Nbd7 8. e4
Qc7 9. Bg5 h6 10. Be3 Rd8 11. Qd2 Kh7 12. Rad1 Nb6 13. b3 Bg4 14. Rc1 Bxf3 15.
Bxf3 Rac8 16. Rfd1 Qb8 17. Qe2 Nbd7 18. Bg2 c5 19. Bh3 e6 20. f4 Ne8 21. f5
exf5 22. exf5 g5 23. dxc5 dxc5 24. Nd5 Nef6 25. Nxf6+ Bxf6 26. Rd5 b6 27. Rcd1
Ne5 28. Bg2 Rxd5 29. Bxd5 Qc7 30. Qh5 Kg7 31. Bc1 Nc6 32. Kg2 Qe7 33. Bd2 Nb4
34. Re1 Qd7 35. Bxb4 cxb4 36. Qf3 Qd6 37. Re4 Rc7 38. h4 Re7 39. hxg5 Bxg5 40.
Qh5 Qf6 41. Qe2 Rxe4 42. Bxe4 Qc3 43. Bd3 Qd2 44. Kf3 Qxe2+ 45. Bxe2 Be7 46.
Ke4 f6 47. Kd5 Bc5 48. Kc6 a5 49. g4 1/2-1/2